000
00325nam a2200133Ia 4500
008
240624s9999 xx 000 0 und d
041
_a
eng
082
_a
823 SHE
100
_a
SHELDON SIDNEY
245
_a
TELL ME YOUR DREAMS
260
_c
2011
_a
New Delhi
_b
HarperCollins
300
_a
341 : p. : cm. ; 18
365
_c
RS
_b
25
999
_c
18721
_d
18721